Mechnical workshop practice / (Record no. 47000)
[ view plain ]
| 000 -LEADER | |
|---|---|
| fixed length control field | 02305nam a22003497a 4500 |
| 005 - DATE AND TIME OF LATEST TRANSACTION | |
| control field | 2010092000590.0 |
| 010 ## - LCCN (DPL NO) | |
| LC control number | ENG-101493 B-423636-641 |
| 020 ## - INTERNATIONAL STANDARD BOOK NUMBER | |
| International Standard Book Number | 9788120341661 |
| Terms of availability | 150.00 |
| 035 ## - SYSTEM CONTROL NUMBER | |
| System control number | EN-85026 |
| 035 ## - SYSTEM CONTROL NUMBER | |
| System control number | B-423636-641 |
| 037 ## - SOURCE OF ACQUISITION | |
| Source of stock number/acquisition | DBAD / PUB |
| 037 ## - SOURCE OF ACQUISITION | |
| Source of stock number/acquisition | Allied Publishers |
| 082 ## - DEWEY DECIMAL CLASSIFICATION NUMBER | |
| Classification number | 621.75 |
| 100 ## - MAIN ENTRY--PERSONAL NAME | |
| Personal name | John,K.C. |
| 245 ## - TITLE STATEMENT | |
| Title | Mechnical workshop practice / |
| Statement of responsibility, etc | by K.C.John |
| 250 ## - EDITION STATEMENT | |
| Edition statement | 2nd ed |
| 260 ## - PUBLICATION, DISTRIBUTION, ETC. (IMPRINT) | |
| Name of publisher, distributor, etc | Prentice Hall of India |
| Date of publication, distribution, etc | 2010 |
| Place of publication, distribution, etc | New Delhi |
| 270 ## - ADDRESS | |
| Address | M-97, Connaught Circus |
| Postal code | 110001 |
| 300 ## - PHYSICAL DESCRIPTION | |
| Extent | x,233p. |
| Dimensions | 24cm (pbk) |
| 500 ## - GENERAL NOTE | |
| General note | Includes index |
| 700 ## - ADDED ENTRY--PERSONAL NAME | |
| Personal name | Abbasi,S.A. |
| 9 (RLIN) | 20777 |
| 942 ## - ADDED ENTRY ELEMENTS (KOHA) | |
| Institution code [OBSOLETE] | dpl |
| Item type | English Books |
| Source of classification or shelving scheme | Dewey Decimal Classification |
| Call number suffix | JOH |
| Classification part | 621.75 |
| Withdrawn status | Lost status | Not for loan | Collection code | Home library | Current library | Date acquired | Source of acquisition | Cost, normal purchase price | Full call number | Barcode | Copy number | Cost, replacement price | Koha item type |
|---|---|---|---|---|---|---|---|---|---|---|---|---|---|
| Non-fiction | Central Library | Central Library | 02/08/2011 | Allied Publishers/CR/0002704/17.3.11/75/4.3.11/17.3.11 | 150.00 | 621.75 JOH | B-423636 | 1 | 150.00 | English Books | |||
| Not For Loan | Non-fiction | D.B.Act.Division | D.B.Act.Division | 20/09/2010 | DBAD/PUB | 150.00 | 621.75 JOH | EN-85026 | 1 | 150.00 | English Books | ||
| Non-fiction | Janak Puri | Janak Puri | 02/08/2011 | Allied Publishers/CR/0002704/17.3.11/75/4.3.11/17.3.11 | 150.00 | 621.75 JOH | B-423638 | 1 | 150.00 | English Books | |||
| Non-fiction | Patel Nagar | Patel Nagar | 02/08/2011 | Allied Publishers/CR/0002704/17.3.11/75/4.3.11/17.3.11 | 150.00 | 621.75 JOH | B-423637 | 1 | 150.00 | English Books | |||
| Non-fiction | Sarojini Nagar | Sarojini Nagar | 02/08/2011 | Allied Publishers/CR/0002704/17.3.11/75/4.3.11/17.3.11 | 150.00 | 621.75 JOH | B-423639 | 1 | 150.00 | English Books | |||
| Non-fiction | Shahdara Branch | Shahdara Branch | 03/08/2011 | Allied Publishers/CR/0002704/17.3.11/75/4.3.11/17.3.11 | 150.00 | 621.75 JOH | B-423641 | 1 | 150.00 | English Books | |||
| Written-off vide DLB M. No. 383 dt 16.05.19 | Non-fiction | Vinoba Puri | Vinoba Puri | 02/08/2011 | Allied Publishers/CR/0002704/17.3.11/75/4.3.11/17.3.11 | 150.00 | 621.75 JOH | B-423640 | 1 | 150.00 | English Books |
